000
002510000a22000970004500
090
_a
AR
_b
01482
245
1
0
_a
Pteridophyta of peru part V
_s
18. aspleniaceae-21 Polypodiaceae
041
0
_a
Inglés
942
_c
ARTICULO
773
1
_t
Fieldiana
_h
32
_q
1-55
_d
1993
999
_c
13145
_d
13145